000
00342pam a2200157a 44500
008
230515b1988 xxu||||| |||| 00| 0 eng d
020
_a
NULL
041
_a
ENGLISH
082
_a
630
100
_a
BANERJEE S K
245
_a
FOX VIEW
250
_a
2
260
_a
DELHI
_b
FIVE STANS CENTRE PRIZES
_c
1988
300
_a
525
650
_a
NULL
999
_c
651455
_d
651455